Normal view
MARC view
- Даваалхам, Д
Entry Personal Name
001 - CONTROL NUMBER
- control field: 70805
003 - CONTROL NUMBER IDENTIFIER
- control field: OSt
005 - DATE AND TIME OF LATEST TRANSACTION
- control field: 20260414083114.0
008 - FIXED-LENGTH DATA ELEMENTS
- fixed length control field: 260414|| aca||aabn | a|a d
040 ## - CATALOGING SOURCE
- Original cataloging agency: OSt
- Transcribing agency: OSt
100 ## - HEADING--PERSONAL NAME
- Personal name: Даваалхам, Д
670 ## - SOURCE DATA FOUND
- Source citation: Work cat.: (OSt)34434: Оюу-Эрдэнэ, Ш. судлаач 49164, Монгол улсын өсвөр залуу насныхны хепатитийн С вирүсийн халдварын тархалтын судалгаа//